00663cam a2200205 a 4500001000800000005001700008008004100025020001500066040001800081082002000099245007900119250001200198260005500210300001300265490002300278500010500301650002300406650001700429650001100446339535520240318075915.0881007s1986 ce b 100 0 eng  a9555920001 aDLCcDLCdDLC00a323.4220bTHE.04aThe Role of the law enforcement officer in the protection of human rights. a1st ed. aColombo, Sri Lanka :bSri Lanka Foundation,c1986. a223 p. ;1 aMonograph series ; aPapers presented at a conference organized by Sri Lanka Foundation, from 13th to 21st February 1984. 0aCriminal procedure 0aCivil rights 0aPolice